|
|
|
|
| LEADER |
00000nab a2200000uu 4500 |
| 001 |
vtls010895227 |
| 003 |
SK-MaSNL |
| 005 |
20260303142139.0 |
| 008 |
230222|1970 xo |||||||||||||||||eng| |
| 015 |
|
|
|a SNBRB
|
| 035 |
|
|
|a (urnnbn)urn:nbn:sk:snk:ar-006hul
|
| 035 |
|
|
|a (uuid)6c1c28a8-21f9-4d65-9043-95c773a71a37
|
| 035 |
|
|
|a urn:nbn:sk:snk-ab8o67
|
| 040 |
|
|
|a SNKBUCL
|b slo
|c SNKBUCL
|e AACR2
|
| 041 |
0 |
|
|a eng
|
| 044 |
|
|
|a xo
|c SK
|
| 100 |
1 |
|
|a Brilla, Jozef,
|d 1927-2000
|4 aut
|9 49574
|
| 245 |
1 |
0 |
|a LINEAR BENDING ANALYSIS OF VISCOELASTIC ORTHOTROPIC CYLINDRICAL SHELLS
|c Jozef Brilla
|
| 773 |
0 |
|
|t Stavebnícky časopis : mesačník pre teoretické problémy stavebných látok a konštrukcií
|g Roč. 18, č. 7 (1970), s. 505-522
|
| 958 |
|
|
|a OND
|
| 958 |
|
|
|a EUIPO
|
| 958 |
|
|
|a article10
|
| 999 |
|
|
|c 1981017
|d 1982947
|